[Event "Pan American Intercollegiate-chT"]
[Site "Dulles"]
[Date "2022.01.07"]
[Round "3.3"]
[White "Schenk, Sam"]
[Black "Matviishen, Viktor"]
[Result "0-1"]
[WhiteElo "1791"]
[BlackElo "2507"]
[PlyCount "96"]
[EventDate "2022.01.06"]
[EventType "team-swiss"]
[EventRounds "6"]
[EventCountry "USA"]
[SourceTitle "EXT 2023"]
[Source "ChessBase"]
[SourceDate "2022.10.05"]
[SourceVersion "1"]
[SourceVersionDate "2022.10.05"]
[SourceQuality "1"]
[WhiteTeam "Maryland Honors Univ"]
[BlackTeam "Texas Tech Univ"]
[WhiteTeamCountry "USA"]
[BlackTeamCountry "USA"]

1. e4 c5 2. Nf3 d6 3. Bb5+ Nd7 4. Ba4 Ngf6 5. Qe2 a6 6. c4 e6 7. Nc3 Be7 8. 0-0 0-0 9. d3 Qc7 10. Bd2 b6 11. a3 Bb7 12. Rab1 Rad8 13. Rfc1 Ne5 14. Nxe5 dxe5 15. Bc2 Nd7 16. b4 Nb8 17. Be3 Nc6 18. bxc5 bxc5 19. Rb3 Nd4 20. Bxd4 exd4 21. Rcb1 Bc6 22. Nd1 Rb8 23. Qd2 Rxb3 24. Rxb3 f5 25. f3 Bd6 26. g3 h5 27. Qg5 Qf7 28. Rb6 fxe4 29. f4 Qc7 30. Rxc6 Qxc6 31. dxe4 e5 32. fxe5 Bc7 33. Nf2 Qe6 34. Bd3 Qxe5 35. Qd2 h4 36. Ng4 Qe6 37. Qe2 hxg3 38. e5 gxh2+ 39. Kxh2 Rf4 40. Kg3 g5 41. Be4 Kg7 42. Bd5 d3 43. Qd1 Qf5 44. Nf6 Rf1 45. Ne8+ Kf8 46. Qh5 Bxe5+ 47. Kg2 Qf2+ 48. Kh3 Qg3# 0-1

[Event "PNWCC Online blitz JP 9th"]
[Site "Chess.com INT"]
[Date "2020.05.09"]
[Round "1"]
[White "Schenk, Sam"]
[Black "Drygalov, Andrey"]
[Result "0-1"]
[WhiteElo "1795"]
[BlackElo "2495"]
[PlyCount "96"]
[EventDate "2020.05.09"]
[EventType "swiss (blitz)"]
[EventRounds "11"]
[EventCountry "USA"]
[SourceTitle "CBM 196 Extra"]
[Source "ChessBase"]
[SourceDate "2020.07.31"]
[SourceVersion "1"]
[SourceVersionDate "2020.07.31"]
[SourceQuality "1"]

1. d4 Nf6 2. Bg5 d5 3. Bxf6 gxf6 4. c4 dxc4 5. e3 e6 6. Bxc4 c5 7. Nf3 cxd4 8. exd4 Bd6 9. Nc3 f5 10. Ne5 0-0 11. Qe2 Qf6 12. g4 Nc6 13. Nxc6 bxc6 14. 0-0-0 Rb8 15. Kb1 Bb4 16. Ka1 c5 17. gxf5 cxd4 18. Ne4 Qxf5 19. Rhg1+ Kh8 20. Rg5 Qf4 21. Rdg1 Be7 22. R5g4 Qe5 23. Rg7 Qxg7 24. Rxg7 Kxg7 25. Qh5 h6 26. Qe5+ Kg6 27. Qxb8 f5 28. Qg3+ Kh7 29. Nd2 Bf6 30. Qc7+ Kg6 31. a4 e5 32. Qxa7 e4 33. Qc5 Re8 34. Qc7 Rf8 35. Qd6 Re8 36. Qc7 Rf8 37. Qg3+ Kh7 38. Nb3 d3 39. Bxd3 exd3 40. Qxd3 Rd8 41. Qc2 Be6 42. Nc5 Bf7 43. Qxf5+ Kg8 44. Nb3 Bxb3 45. Qg6+ Bg7 46. Qb1 Rd1 47. Qxd1 Bxd1 48. a5 Bb3 0-1

[Event "PNWCC Online blitz JP 9th"]
[Site "Chess.com INT"]
[Date "2020.05.09"]
[Round "6"]
[White "Schenk, Sam"]
[Black "Heidari, Ako"]
[Result "1-0"]
[WhiteElo "1795"]
[BlackElo "1783"]
[PlyCount "77"]
[EventDate "2020.05.09"]
[EventType "swiss (blitz)"]
[EventRounds "11"]
[EventCountry "USA"]
[SourceTitle "CBM 196 Extra"]
[Source "ChessBase"]
[SourceDate "2020.07.31"]
[SourceVersion "1"]
[SourceVersionDate "2020.07.31"]
[SourceQuality "1"]

1. d4 Nf6 2. Bg5 d5 3. Bxf6 exf6 4. e3 Bd6 5. g3 0-0 6. Bg2 c6 7. Ne2 Nd7 8. 0-0 f5 9. Nd2 Nf6 10. c4 Be6 11. Qc2 Rc8 12. c5 Bb8 13. b4 h5 14. h4 Ng4 15. Nf4 g6 16. Nf3 Qf6 17. Ng5 Kg7 18. Rfd1 Bxf4 19. exf4 Rfe8 20. a4 Bd7 21. Rab1 a6 22. b5 axb5 23. axb5 Ra8 24. bxc6 Bxc6 25. Qd2 Qd8 26. Re1 Nf6 27. Re5 Ng4 28. Rbe1 Nxe5 29. dxe5 Re6 30. Rd1 Ba4 31. Rb1 Bc6 32. Rb4 Ra5 33. Qd4 Qe7 34. Bxd5 Bxd5 35. Qxd5 Rea6 36. Rxb7 Ra1+ 37. Kh2 Qe8 38. Rxf7+ Kh8 39. Rh7# 1-0

[Event "PNWCC Online blitz JP 8th"]
[Site "Chess.com INT"]
[Date "2020.05.02"]
[Round "6"]
[White "Divya, Deshmukh"]
[Black "Schenk, Sam"]
[Result "1/2-1/2"]
[WhiteElo "2305"]
[BlackElo "1795"]
[PlyCount "124"]
[EventDate "2020.05.02"]
[EventType "swiss (blitz)"]
[EventRounds "11"]
[EventCountry "USA"]
[SourceTitle "CBM 195 Extra"]
[Source "ChessBase"]
[SourceDate "2020.05.31"]
[SourceVersion "1"]
[SourceVersionDate "2020.05.31"]
[SourceQuality "1"]

1. e4 g6 2. d4 Bg7 3. Nc3 d6 4. Be3 a6 5. f4 b5 6. a3 Bb7 7. Qd2 Nd7 8. 0-0-0 Ngf6 9. Bd3 Ng4 10. Nf3 Nxe3 11. Qxe3 c5 12. Rhe1 cxd4 13. Nxd4 Qb6 14. Bf1 Rc8 15. Kb1 b4 16. axb4 Qxb4 17. Nd5 Bxd5 18. exd5 0-0 19. c3 Qb6 20. Nc6 Rce8 21. Qxb6 Nxb6 22. Rxe7 Rxe7 23. Nxe7+ Kh8 24. Bxa6 Rb8 25. Nc6 Ra8 26. Bb5 Kg8 27. Kc2 Re8 28. Nd4 Re4 29. Ne2 Na8 30. g3 Nc7 31. Bd3 Re8 32. Bc4 Re4 33. b3 h6 34. Kd3 f5 35. Ra1 Ne8 36. Ra8 Kf7 37. Rb8 Nf6 38. Rb7+ Kf8 39. Kd2 Ng4 40. h3 Nf2 41. Rd7 Re8 42. Nd4 Bxd4 43. cxd4 Ne4+ 44. Kd3 Ra8 45. g4 Ra1 46. gxf5 gxf5 47. Rh7 Rd1+ 48. Ke3 Re1+ 49. Kd3 Rd1+ 50. Ke2 Rxd4 51. Rxh6 Ke7 52. Re6+ Kf7 53. h4 Rd2+ 54. Ke3 Rh2 55. Rh6 Rh3+ 56. Kd4 Rh1 57. h5 Rd1+ 58. Ke3 Re1+ 59. Kd3 Rf1 60. Ke3 Re1+ 61. Kd4 Rd1+ 62. Ke3 Re1+ 1/2-1/2

[Event "PNWCC Online blitz JP 8th"]
[Site "Chess.com INT"]
[Date "2020.05.02"]
[Round "3"]
[White "Murzin, Volodar"]
[Black "Schenk, Sam"]
[Result "1-0"]
[WhiteElo "2465"]
[BlackElo "1795"]
[PlyCount "39"]
[EventDate "2020.05.02"]
[EventType "swiss (blitz)"]
[EventRounds "11"]
[EventCountry "USA"]
[SourceTitle "CBM 195 Extra"]
[Source "ChessBase"]
[SourceDate "2020.05.31"]
[SourceVersion "1"]
[SourceVersionDate "2020.05.31"]
[SourceQuality "1"]

1. d4 d6 2. Nf3 g6 3. g3 Bg7 4. Bg2 e5 5. dxe5 dxe5 6. Qxd8+ Kxd8 7. 0-0 c6 8. Rd1+ Kc7 9. Nbd2 f6 10. b3 Nh6 11. a4 Nf7 12. Ba3 Be6 13. Ne4 Na6 14. Be7 f5 15. Neg5 Nxg5 16. Nxg5 Bg8 17. Bd6+ Kc8 18. e4 f4 19. Bh3+ Kd8 20. Bxe5+ 1-0